000 00443nam a2200181Ia 4500
001 25439
005 20260414151150.0
008 260414t2002||||xx |||||||||||||| ||spa||
041 _aESP
082 _a346.5
_bT11
100 _aTaboada Córdova, Lizardo [1957-...]
_eAUT
245 0 _aNulidad del acto jurídico
_b
260 _c2002
300 _a186 páginas :
_c24 cm.
650 _aDER
654 _aCDE
942 _cLIB
_dJUS
_fJUS
_2ddc
_n
999 _c25439
_d25439